| 000 | 00928cam a2200229 4500 | ||
|---|---|---|---|
| 001 | L134969 | ||
| 008 | 060913n2006 000 0 eng u | ||
| 020 | _a0421965002 $9 780421965002 | ||
| 035 | _a(Sirsi) u134969 | ||
| 041 | 0 | _aeng | |
| 050 | 0 | 4 | _a346.410438 $2 18 |
| 100 | _aButt, Paul | ||
| 245 | 0 | 0 |
_aElectronic conveyancing _bA practical guide |
| 260 |
_aLondon _bSweet and Maxwell _c2006 |
||
| 300 |
_a71p. _c22cm. |
||
| 350 | _a49 | ||
| 505 | 0 | _aWhy e-conveyancing? -- How will it work? - outline of a typical e-conveyancing transaction -- Where are we now? - Getting ready for e-conveyancing - Will it work? | |
| 520 | _aProvides guidance on the new laws surrounding e-conveyancing. Explains the processes and procedures involved so practitioners are fully prepared to deal with the changes. | ||
| 590 | _aKA | ||
| 690 | _aPROPERTY-PROPERTY ACQUISITION AND DISPOSAL-CONVEYANCING-ECONVEYANCING | ||
| 942 | _n0 | ||
| 999 |
_c105870 _d105870 |
||